Antenor Orrego (Record no. 179792)

MARC details
000 -LEADER
campo de control de longitud fija 01224nam a2200313 i 4500
001 - NÚMERO DE CONTROL
campo de control 179792
003 - IDENTIFICADOR DE NÚMERO DE CONTROL
campo de control ES-MaACL
005 - FECHA Y HORA DE LA ÚLTIMA TRANSACCIÓN
campo de control 20250804224051.0
008 - DATOS DE LONGITUD FIJA--INFORMACIÓN GENERAL
campo de control de longitud fija 120124s2004 pe aco |||| |bspa d
020 ## - NÚMERO INTERNACIONAL ESTÁNDAR DEL LIBRO
Número Internacional Estándar del Libro 9972-890-61-9
080 ## - NÚMERO DE LA CLASIFICACIÓN DECIMAL UNIVERSAL
Número de la Clasificación Decimal Universal 316.72(8=134.2)
080 ## - NÚMERO DE LA CLASIFICACIÓN DECIMAL UNIVERSAL
Número de la Clasificación Decimal Universal 008(8=134.2)
080 ## - NÚMERO DE LA CLASIFICACIÓN DECIMAL UNIVERSAL
Número de la Clasificación Decimal Universal 821.134.2(85)-82"19"
100 1# - ENTRADA PRINCIPAL--NOMBRE DE PERSONA
Nombre de persona Orrego, Antenor.
9 (RLIN) 149199
245 10 - MENCIÓN DEL TÍTULO
Título Antenor Orrego
Resto del título : modernidad y culturas americanas : páginas escogidas /
Mención de responsabilidad, etc. Eugenio Chang-Rodríguez: selección, introducción, cronología y bibliografía.
260 ## - PUBLICACIÓN, DISTRIBUCIÓN, ETC.
Lugar de publicación, distribución, etc. Lima :
Nombre del editor, distribuidor, etc. Fondo Editorial del Congreso del Perú,
Fecha de publicación, distribución, etc. 2004.
300 ## - DESCRIPCIÓN FÍSICA
Extensión 495 p. :
Otras características físicas il., fot. ;
Dimensiones 21 cm.
500 ## - NOTA GENERAL
Nota general Cronología.
500 ## - NOTA GENERAL
Nota general Índices.
504 ## - NOTA DE BIBLIOGRAFÍA, ETC.
Nota de bibliografía, etc. Bibliografía: p. 435-444.
600 14 - PUNTO DE ACCESO ADICIONAL DE MATERIA--NOMBRE DE PERSONA
Nombre de persona Orrego, Antenor.
9 (RLIN) 149199
650 04 - PUNTO DE ACCESO ADICIONAL DE MATERIA--TÉRMINO DE MATERIA
Término de materia o nombre geográfico como elemento de entrada Identidad cultural-
Subdivisión geográfica América Latina
9 (RLIN) 13531
651 #4 - PUNTO DE ACCESO ADICIONAL DE MATERIA--NOMBRE GEOGRÁFICO
Nombre geográfico América Latina-
Subdivisión general Civilización
9 (RLIN) 7742
700 1# - ENTRADA AGREGADA--NOMBRE PERSONAL
Nombre de persona Chang-Rodríguez, Eugenio.
9 (RLIN) 37971
852 ## - LOCALIZACIÓN
Ubicación ES-MaACL
Número de control de estantería A-11926
itemnumber 186692
Sublocalización o colección R.146711
Ubicación en estantería Depósito 1
Signatura antigua Olim: N-4931
Encuadernación Donación: José Luis Abellán
Nota libre Dedicatoria autógrafa del autor
903 ## - NOMBRE PERSONAL DE DONANTE
a Abellán, José Luis,
d 1933-2023
e Donante
q 1
9 176509
942 ## - ELEMENTOS DE ENTRADA SECUNDARIOS (KOHA)
Fuente del sistema de clasificación o colocación Clasificación decimal universal
Tipo de ítem Koha Libro impreso
Holdings
Estatus retirado Estado de pérdida Fuente del sistema de clasificación o colocación Estado de daño No para préstamo Colección Biblioteca de origen Biblioteca actual Ubicación en estantería Fecha de adquisición Fuente de adquisición Total de préstamos Signatura topográfica completa Código de barras Visto por última vez Precio de reemplazo Tipo de ítem Koha Nota pública
    Clasificación decimal universal     Libros con dedicatorias Biblioteca del Ateneo de Madrid Biblioteca del Ateneo de Madrid Depósito 1 24/01/2012 Donación   A-11926 1188882 23/02/2023 23/02/2023 Libro impreso Dedicatoria autógrafa del autor